Sự đồng nhất và tính khác biệt trocg cách dùng các danh từ vật lý trong các sách giáo khoa chuyên ngành nhiệt và hóa học

Hiện trạng của việc sử dụng các thuật ngữ vật lý trong các sách giáo khoa bậc đại học. Những khái niệm đồng nhất được sử dụng ở trong hai ngành nhiệt và hóa học. Các danh từ vật lý được sử dụng trong hai ngành nhiệt và hóa học nhưng chưa đồng nhất....

Descrición completa

Gardado en:
Detalles Bibliográficos
Autor Principal: Nguyễn, Thị Hoàng Linh (Tác giả)
Outros autores: Lê Hồng Sơn T.S (Hướng dẫn)
Formato: Libro
Idioma:Vietnamese
Publicado: Đà Nẵng Đại học Đà Nẵng 2006
Những chủ đề:
Các nhãn: Engadir etiqueta
Sen Etiquetas, Sexa o primeiro en etiquetar este rexistro!
Thư viện lưu trữ: Mạng thư viện Đại học Đà Nẵng
LEADER 01687nam a2200373 4500
001 000012109
003 8396
005 20120215160254.0
008 120215s2006 viesd
041 |a vie 
072 |a Khóa luận tốt nghiệp 
082 |a 536  |b NG-L 
100 |a Nguyễn, Thị Hoàng Linh  |e Tác giả 
245 |a Sự đồng nhất và tính khác biệt trocg cách dùng các danh từ vật lý trong các sách giáo khoa chuyên ngành nhiệt và hóa học  |c Nguyễn Thị Hoàng Linh 
260 |a Đà Nẵng  |b Đại học Đà Nẵng  |c 2006 
300 |a 45 tr.  |c 29 cm 
500 |a Khóa luận tốt nghiệp khoa Vật lý 
520 |a Hiện trạng của việc sử dụng các thuật ngữ vật lý trong các sách giáo khoa bậc đại học. Những khái niệm đồng nhất được sử dụng ở trong hai ngành nhiệt và hóa học. Các danh từ vật lý được sử dụng trong hai ngành nhiệt và hóa học nhưng chưa đồng nhất. 
653 |a Sự đồng nhất 
653 |a Tính khác biệt 
653 |a Nhiệt học 
653 |a Hóa học 
653 |a Vật lý 
700 |a Lê Hồng Sơn  |c T.S  |e Hướng dẫn 
OWN |a LSP 
AVA |a UDN50  |b LSP  |d 536 NG-L  |e available  |t Error 5001 Not defined in file expand_doc_bib_avail.  |f 1  |g 0  |h N  |i 0  |k 1 
999 |a From the UDN01 
AVA |a UDN50  |b LSP  |d 536 NG-L  |e available  |t Error 5001 Not defined in file expand_doc_bib_avail.  |f 1  |g 0  |h N  |i 0  |k 1 
TYP |a Monograph 
TYP |a Printed language 
980 |a Mạng thư viện Đại học Đà Nẵng